000 00660nam a2200265Ia 4500
005 20260121172715.0
008 008 260114s9999 xx 000 0 eng d
020 _a9781484273258
037 _aEBOOK
040 _aCRL
040 _beng
040 _cCRL
041 _2eng
041 _aeng
084 _qCRL
100 _aVladimir Stefanovic, Milos Katinski
_91091738
245 0 _aPro Azure Administration and Automation
260 _bSpringer
260 _bSpringer
260 _c2021
856 _uhttps://link.springer.com/openurl?genre=book&isbn=978-1-4842-7325-8
942 _cEBOOK
999 _c1657478
_d1657478